| 000 | 01093nmm a2200349 a 4500 | ||
|---|---|---|---|
| 001 | ocm0001916554 | ||
| 003 | TR-IsHL | ||
| 005 | 20201028174152.0 | ||
| 008 | 180917s2017 tu tur | ||
| 007 | cr cn | ||
| 020 | _a9786059398602 | ||
| 035 |
_a1916554 _b(N$T) |
||
| 050 | 0 | 4 |
_aF1435 _b.N37 2017 |
| 090 | 0 | 4 |
_aF1435 _b.N37 2017 |
| 100 | 1 | _aNarçın, Ali | |
| 245 | 1 | 0 |
_aMaya: Kıyametin habercileri _h[electronic resource] / _cAli Narçın ; editor M. Murat Sezer |
| 250 | _a1. Basım | ||
| 260 |
_aİstanbul : _bParola Yayınları, _c2017 |
||
| 300 | _a389 p. | ||
| 500 |
_aDünya Uygarlıkları _x |
||
| 650 | 4 | _aTarih | |
| 650 | 4 | _aHistory | |
| 650 | 0 |
_aMeksika _x Eski devir kalıntıları |
|
| 650 | 0 |
_aMayas _x Antiquities |
|
| 650 | 0 |
_aMayalar _x Tarih |
|
| 650 | 0 |
_aMayalar _x History |
|
| 650 | 0 |
_aMayalar _x Uygarlık |
|
| 650 | 0 |
_aMayas _x Civilization |
|
| 650 | 7 |
_aHISTORY / Latin America / Mexico _2bisacsh |
|
| 700 | 1 | _aSezer, M. Murat | |
| 856 | 4 | 0 | _uhttp://search.ebscohost.com/login.aspx?direct=true&scope=site&db=e011xww&AN=1916554 |
| 999 |
_c18022 _d18022 |
||